000 00445nam a2200169Ia 4500
008 090123s9999 xx 000 0 und d
082 _b12803
_a891.463/गांगल
100 _aगांगल वसंत
245 _aशुभदा
250 _a0
300 _a146
600 _aगांगल वसंत
630 _aशुभदा
700 _aगांगल वसंत
730 _aशुभदा
942 _cBOOK
999 _c50868
_d50868